[Event "Warsaw YMCA Winter-C 211st"]
[Site "Warsaw"]
[Date "2019.03.27"]
[Round "13"]
[White "Derylo, Adam"]
[Black "Jaroszuk, Marcin"]
[Result "1-0"]
[WhiteElo "1352"]
[BlackElo "1400"]
[PlyCount "103"]
[EventDate "2019.01.09"]
[EventType "tourn"]
[EventRounds "13"]
[EventCountry "POL"]
[SourceTitle "EXT 2021"]
[Source "ChessBase"]
[SourceDate "2020.10.23"]
[SourceVersion "1"]
[SourceVersionDate "2020.10.23"]
[SourceQuality "1"]

1. e4 e5 2. Nf3 Nc6 3. Bb5 a6 4. Ba4 Nf6 5. 0-0 Nxe4 6. Re1 Nc5 7. Bxc6 dxc6 8. Nxe5 Ne6 9. Nc3 Bd6 10. d3 0-0 11. Qh5 Qf6 12. Nf3 Qg6 13. Qxg6 fxg6 14. Ne4 Rxf3 15. Nxd6 Nd4 16. Nxc8 Rf8 17. Ne7+ Kf7 18. Re4 Nxc2 19. Rb1 Rfe8 20. Bd2 Rxe7 21. Rf4+ Kg8 22. Rc1 Rd8 23. Rxc2 Rxd3 24. Kf1 Rd5 25. g3 Red7 26. Ke2 Re7+ 27. Be3 c5 28. Rd2 Rd6 29. Kd1 b6 30. Kc2 h6 31. b4 g5 32. Rg4 Rxd2+ 33. Kxd2 cxb4 34. Rxb4 Kf7 35. Rc4 Kg6 36. h4 Rd7+ 37. Kc2 gxh4 38. Rxh4 Rd5 39. Rg4+ Kf7 40. Rc4 c5 41. Ra4 a5 42. Kc3 Ke6 43. Kc4 Rd1 44. Ra3 g5 45. Rb3 Rd6 46. Kb5 Kf5 47. Ka6 Ke4 48. Rxb6 Rxb6+ 49. Kxb6 c4 50. Kxa5 c3 51. Kb4 Kd3 52. Kb3 1-0

[Event "Warsaw YMCA Autumn-D 208th"]
[Site "Warsaw"]
[Date "2018.12.11"]
[Round "13"]
[White "Derylo, Adam"]
[Black "Jaroszuk, Marcin"]
[Result "0-1"]
[WhiteElo "1371"]
[BlackElo "1341"]
[PlyCount "104"]
[EventDate "2018.09.18"]
[EventType "tourn"]
[EventRounds "13"]
[EventCountry "POL"]
[SourceTitle "EXT 2021"]
[Source "ChessBase"]
[SourceDate "2020.10.23"]
[SourceVersion "1"]
[SourceVersionDate "2020.10.23"]
[SourceQuality "1"]

1. e4 e5 2. Nf3 Nc6 3. Bb5 a6 4. Ba4 d6 5. 0-0 Bg4 6. h3 h5 7. d3 Qf6 8. hxg4 hxg4 9. Ng5 Qh6 10. f3 Qh2+ 11. Kf2 Qh4+ 12. Ke2 b5 13. Nxf7 Nd4+ 14. Kd2 Kxf7 15. fxg4+ Nf6 16. Bb3+ Ke8 17. Bd5 c6 18. c3 Qg5+ 19. Ke1 Qh4+ 20. Kd2 Qg5+ 21. Ke1 Qh4+ 22. Kd2 cxd5 23. cxd4 dxe4 24. dxe5 dxe5 25. Kc2 Rd8 26. Nc3 Rxd3 27. Qe2 Qxg4 28. Qxg4 Nxg4 29. Nxe4 Rd4 30. Ng5 Nf6 31. Be3 Rd5 32. Ne6 Ke7 33. Nc7 Rd7 34. Nxa6 Rh2 35. Rg1 Nd5 36. Bg5+ Ke6 37. Rad1 Nb4+ 38. Nxb4 Rxd1 39. Rxd1 Rxg2+ 40. Bd2 Bxb4 41. Kd3 Rxd2+ 42. Rxd2 Bxd2 43. Kxd2 Kd5 44. b3 b4 45. Ke3 e4 46. Ke2 Kd4 47. Kd2 e3+ 48. Kc2 g5 49. a4 bxa3 50. b4 a2 51. Kb2 Kc4 52. Kxa2 Kxb4 0-1

[Event "Warsaw YMCA Autumn-D 208th"]
[Site "Warsaw"]
[Date "2018.11.13"]
[Round "9"]
[White "Szopa, Andrzej1111"]
[Black "Derylo, Adam"]
[Result "0-1"]
[WhiteElo "1033"]
[BlackElo "1371"]
[PlyCount "43"]
[EventDate "2018.09.18"]
[EventType "tourn"]
[EventRounds "13"]
[EventCountry "POL"]
[SourceTitle "EXT 2021"]
[Source "ChessBase"]
[SourceDate "2020.10.23"]
[SourceVersion "1"]
[SourceVersionDate "2020.10.23"]
[SourceQuality "1"]

1. c4 e5 2. Nc3 Nf6 3. Nf3 Nc6 4. e3 d5 5. cxd5 Nxd5 6. Bc4 Nb6 7. Bb5 Bd7 8. 0-0 Qf6 9. Re1 a6 10. Ba4 Nxa4 11. Nd5 Qd6 12. Nxc7+ Qxc7 13. Qxa4 Nd4 14. Qd1 Nc2 15. Rb1 Nxe1 16. Qxe1 Bf5 17. Ra1 Bc2 18. Qe2 Be7 19. b3 e4 20. Nd4 Bf6 21. Bb2 Bd3 22. Qg4 0-1

[Event "Warsaw YMCA Spring-D 201st"]
[Site "Warsaw"]
[Date "2018.05.29"]
[Round "9"]
[White "Jaroszuk, Marcin"]
[Black "Derylo, Adam"]
[Result "0-1"]
[WhiteElo "1283"]
[BlackElo "1336"]
[PlyCount "96"]
[EventDate "2018.04.05"]
[EventType "tourn"]
[EventRounds "13"]
[EventCountry "POL"]
[SourceTitle "EXT 2021"]
[Source "ChessBase"]
[SourceDate "2020.10.23"]
[SourceVersion "1"]
[SourceVersionDate "2020.10.23"]
[SourceQuality "1"]

1. Nf3 Nf6 2. g3 g6 3. Bg2 d5 4. 0-0 Bg7 5. d4 0-0 6. c4 dxc4 7. Nc3 c5 8. dxc5 Qa5 9. Qd4 Ng4 10. Qxc4 Be6 11. Qb5 Bxc3 12. Qxb7 Qxc5 13. bxc3 Nc6 14. Ng5 Bd5 15. Bxd5 Qxd5 16. e4 Qc4 17. Qd7 Nxh2 18. Kxh2 Qxf1 19. Qxc6 Qxf2+ 20. Kh3 Rac8 21. Qd7 Rxc3 22. Bf4 Qxf4 23. Qg4 Qxg4+ 24. Kxg4 Rd8 25. Rf1 f6 26. Ne6 Rd6 27. Nf4 Rc2 28. a3 Rd4 29. Re1 Rcc4 30. Kf3 Rc3+ 31. Kg4 Rxa3 32. Nd5 Kf7 33. Nc7 Raa4 34. Kf4 e5+ 35. Kf3 Rd3+ 36. Kg4 Raa3 37. Rg1 Re3 38. Nb5 Rxe4+ 39. Kh3 Ra6 40. Rc1 Kg7 41. Nc7 Rb6 42. Rh1 a5 43. Nd5 Rd6 44. Nc3 Re3 45. Ne2 Rxe2 46. Kh4 Rd4+ 47. g4 Ree4 48. Rg1 Rxg4+ 0-1

[Event "Warsaw YMCA Spring-D 185th"]
[Site "Warsaw"]
[Date "2017.06.13"]
[Round "12"]
[White "Derylo, Adam"]
[Black "Majek, Kacper"]
[Result "1-0"]
[WhiteElo "1196"]
[BlackElo "1377"]
[PlyCount "209"]
[EventDate "2017.04.06"]
[EventType "tourn"]
[EventRounds "13"]
[EventCountry "POL"]
[SourceTitle "EXT 2019"]
[Source "ChessBase"]
[SourceDate "2018.10.10"]
[SourceVersion "1"]
[SourceVersionDate "2018.10.10"]
[SourceQuality "1"]

1. e4 b6 2. d4 Bb7 3. Nc3 e6 4. Nf3 Bb4 5. Bd3 Nf6 6. Qe2 d6 7. Bd2 Nbd7 8. a3 Bxc3 9. Bxc3 c5 10. 0-0 0-0 11. Rfe1 Rc8 12. e5 dxe5 13. dxe5 Nd5 14. Qe4 g6 15. Bd2 Qc7 16. Qh4 Rfe8 17. Bg5 c4 18. Be4 Nxe5 19. Nxe5 Qxe5 20. Bxg6 Qg7 21. Be4 f5 22. Bh6 Qg6 23. Bf3 c3 24. b3 Rc7 25. Qh3 Ree7 26. Bxd5 Bxd5 27. Bf4 Rg7 28. Qg3 Qf7 29. Qh3 Bxg2 30. Qe3 Be4+ 31. Kf1 Bg2+ 32. Ke2 Rd7 33. Qxc3 Bb7 34. Rg1 e5 35. Bxe5 Ba6+ 36. Ke3 f4+ 37. Bxf4 Re7+ 38. Be5 Bb7 39. f4 Qe6 40. Rxg7+ Rxg7 41. Kd2 Rg2+ 42. Kc1 Be4 43. Ra2 Qd5 44. Qd4 Qa8 45. Kb1 Rxh2 46. Qg1+ Rg2 47. Qd1 Qc8 48. Rb2 h5 49. Ka1 Rh2 50. Qg1+ Rg2 51. Qc1 h4 52. c3 Rg3 53. Qf1 Bd3 54. Qf2 Qg4 55. Qh2 h3 56. f5 Rg1+ 57. Ka2 Bxf5 58. Bd4 Bb1+ 59. Ka1 Be4+ 60. Ka2 Rg3 61. a4 Kh7 62. Be5 Rg1 63. Qe2 Qf5 64. Qe3 Rg2 65. Rxg2 hxg2 66. Bh2 Bb1+ 67. Ka3 Qf8+ 68. Kb2 Qf5 69. Bg1 Qg6 70. Qe7+ Kh6 71. Qxa7 Qc2+ 72. Ka3 Qxc3 73. Qxb6+ Bg6 74. Bc5 Qa1+ 75. Kb4 Qe1+ 76. Kb5 Kh5 77. Bf2 Bd3+ 78. Kc6 Qe8+ 79. Kb7 Qd7+ 80. Kb8 Qe8+ 81. Ka7 Qe7+ 82. Qb7 Qe2 83. Qxg2 Be4 84. Qh2+ Kg4 85. Qg3+ Kf5 86. Qh3+ Ke5 87. Bg3+ Kd5 88. Qd7+ Kc5 89. Bd6+ Kd4 90. b4 Qc4 91. a5 Bc6 92. Bc5+ Kc3 93. Qxc6 Qf7+ 94. Qb7 Qe6 95. a6 Kc4 96. Qc7 Qg6 97. Kb7 Kb5 98. Qd7+ Kc4 99. a7 Qg2+ 100. Qc6 Qg7+ 101. Ka6 Qf7 102. a8Q Qh7 103. Qb5+ Kb3 104. Qab7 Kb2 105. Qxh7 1-0

[Event "Warsaw YMCA Spring-D 185th"]
[Site "Warsaw"]
[Date "2017.05.12"]
[Round "6"]
[White "Oles, Jan"]
[Black "Derylo, Adam"]
[Result "1-0"]
[WhiteElo "1249"]
[BlackElo "1196"]
[PlyCount "53"]
[EventDate "2017.04.06"]
[EventType "tourn"]
[EventRounds "13"]
[EventCountry "POL"]
[SourceTitle "EXT 2019"]
[Source "ChessBase"]
[SourceDate "2018.10.10"]
[SourceVersion "1"]
[SourceVersionDate "2018.10.10"]
[SourceQuality "1"]

1. d4 Nf6 2. Nc3 d5 3. h3 e6 4. a3 c5 5. e3 Nc6 6. Nf3 Bd6 7. Be2 0-0 8. g4 Re8 9. g5 Nd7 10. e4 Qa5 11. Bd2 Qb6 12. Na4 Qc7 13. e5 Be7 14. c3 a6 15. b4 cxd4 16. cxd4 b5 17. Nc5 Qb6 18. h4 a5 19. h5 axb4 20. axb4 Rxa1 21. Qxa1 Ndb8 22. Qb1 Na6 23. g6 h6 24. gxf7+ Kxf7 25. Qg6+ Kf8 26. Bxh6 gxh6 27. Qxh6+ 1-0

[Event "Warsaw YMCA Spring-D 185th"]
[Site "Warsaw"]
[Date "2017.04.11"]
[Round "2"]
[White "Kuznik, Kamil"]
[Black "Derylo, Adam"]
[Result "1-0"]
[WhiteElo "1298"]
[BlackElo "1196"]
[PlyCount "113"]
[EventDate "2017.04.06"]
[EventType "tourn"]
[EventRounds "13"]
[EventCountry "POL"]
[SourceTitle "EXT 2019"]
[Source "ChessBase"]
[SourceDate "2018.10.10"]
[SourceVersion "1"]
[SourceVersionDate "2018.10.10"]
[SourceQuality "1"]

1. e4 c5 2. Nf3 d6 3. d4 cxd4 4. Nxd4 Nf6 5. Nc3 a6 6. Bg5 e6 7. Be2 Be7 8. Qd2 0-0 9. 0-0 Nc6 10. Rad1 d5 11. exd5 Nxd5 12. Bxe7 Ndxe7 13. Nxc6 Nxc6 14. Qxd8 Nxd8 15. Bf3 Rb8 16. Rd6 f6 17. Rfd1 Nf7 18. Rb6 Rd8 19. Rxd8+ Nxd8 20. Na4 Kf7 21. Nc5 e5 22. a3 f5 23. Bd5+ Ke7 24. Nxa6 Ra8 25. Nb4 Ra5 26. c4 e4 27. Kf1 Rc5 28. Ke2 Kd7 29. Nc2 Kc7 30. Rb4 Kd6 31. Ke3 b5 32. b3 Ke5 33. f4+ Kd6 34. Kd4 bxc4 35. Rb6+ Nc6+ 36. Bxc6 Rxc6 37. Rxc6+ Kxc6 38. Kxc4 Ba6+ 39. Kd4 Kd6 40. Ne3 g6 41. g4 Bc8 42. h3 Be6 43. b4 Kc6 44. a4 Kb6 45. Ke5 Bd7 46. gxf5 gxf5 47. Kf6 Ka6 48. h4 Bxa4 49. Kxf5 Kb5 50. Kxe4 Kxb4 51. Nd5+ Kc5 52. Ke5 Be8 53. Nf6 Bf7 54. Nxh7 Kc6 55. Kf6 Bh5 56. Ke7 Kd5 57. Nf6+ 1-0